LEADER 01199nam0 22003133i 450 001 MIL0168875 005 20231121125538.0 010 $a0879422890 100 $a20160126d1992 ||||0itac50 ba 101 | $aeng 102 $aus 181 1$6z01$ai $bxxxe 182 1$6z01$an 200 1 $aArtificial neural networks$eparadigms, applications, and hardware implementations$fedited by Edgar Sanchez-Sinencio, Clifford Lau 210 $aNew York$cInstitute of electrical and electronics engineers$dc1992 215 $aIX, 549 p.$cill.$d29 cm. 606 $aCircuiti elettronici$2FIR$3RMLC020260$9I 606 $aReti neurali$2FIR$3RMLC196772$9I 676 $a621.3815$9$v21 702 1$aLau$b, Clifford$3MILV027231 702 1$aSanchez-Sinencio$b, Edgar$3MILV106666 801 3$aIT$bIT-01$c20160126 850 $aIT-FR0099 899 $aBiblioteca Area Ingegneristica$bFR0099 912 $aMIL0168875 950 0$aBiblioteca Area Ingegneristica$d 54DII 621.381 ART$e 54VM 0000387215 VM barcode:BAIN002686. - Inventario:1843DVM$fA $h20040129$i20121204 977 $a 54 996 $aArtificial neural networks$91014967 997 $aUNICAS LEADER 01182nam0 22002411i 450 001 UON00183770 005 20231205103143.967 010 $a88-420-3888-1 100 $a20030730d1991 |0itac50 ba 101 $aita 102 $aIT 105 $a|||| 1|||| 200 1 $aIntermediari, mercati e finanza d'impresa$eprospettive dell'integrazione finan ziaria in Europa e della globalizzazione$fRainer Masera 210 $aBari$cLaterza$d199 1 - VII,183 p. ; 18 cm 410 1$1001UON00040203$12001 $aLibri del tempo Laterza$1210 $aBari$cLaterza$1300 $aPeriodicità sconosciuta; Descrizione basata su: Roma da capitale a periferia / Franco Ferrarotti$v227 606 $aIntegrazione economica internazionale$3UONC035336$2FI 700 1$aMASERA$bRainer S.$3UONV102873$0109078 801 $aIT$bSOL$c20260327$gRICA 899 $aSIBA - SISTEMA BIBLIOTECARIO DI ATENEO E ARCHIVIO STORICO$2UONSI 912 $aUON00183770 950 $aSIBA - SISTEMA BIBLIOTECARIO DI ATENEO E ARCHIVIO STORICO$dSI O 0102 $eSI SC 24213 5 0102 996 $aIntermediari, mercati e finanza d'impresa$9196788 997 $aUNIOR